Our amazing animal friends / (Record no. 377)

MARC details
000 -LEADER
fixed length control field 00995pam a2200301 a 4500
005 - DATE AND TIME OF LATEST TRANSACTION
control field 20260322212017.0
008 - FIXED-LENGTH DATA ELEMENTS--GENERAL INFORMATION
fixed length control field data
010 ## - LIBRARY OF CONGRESS CONTROL NUMBER
LC control number 90006490
020 ## - INTERNATIONAL STANDARD BOOK NUMBER
International Standard Book Number 0870448218 :
Terms of availability {dollar}11.95
020 ## - INTERNATIONAL STANDARD BOOK NUMBER
International Standard Book Number 0870448269 (lib. bdg.) :
Terms of availability {dollar}16.95
020 ## - INTERNATIONAL STANDARD BOOK NUMBER
International Standard Book Number 9780870448218 :
Terms of availability {dollar}11.95
020 ## - INTERNATIONAL STANDARD BOOK NUMBER
International Standard Book Number 9780870448263 (lib. bdg.) :
Terms of availability {dollar}16.95
040 ## - CATALOGING SOURCE
Original cataloging agency DLC
Transcribing agency DLC
Modifying agency DLC
042 ## - AUTHENTICATION CODE
Authentication code lcac
050 00 - LIBRARY OF CONGRESS CALL NUMBER
Classification number QL49
Item number .S825 1990
082 00 - DEWEY DECIMAL CLASSIFICATION NUMBER
Classification number 591
Edition information 20
092 ## - LOCALLY ASSIGNED DEWEY CALL NUMBER (OCLC)
Classification number 591 S825 1990
001 - CONTROL NUMBER
control field data
100 1# - MAIN ENTRY--PERSONAL NAME
Personal name Stuart, Gene S.
245 10 - TITLE STATEMENT
Title Our amazing animal friends /
Statement of responsibility, etc. Gene S. Stuart.
260 ## - PUBLICATION, DISTRIBUTION, ETC.
Place of publication, distribution, etc. Washington, D.C. :
Name of publisher, distributor, etc. National Geographic Society,
Date of publication, distribution, etc. c1990.
300 ## - PHYSICAL DESCRIPTION
Extent 32, [1] p. :
Other physical details col. ill. ;
Dimensions 29 cm.
440 #0 - SERIES STATEMENT/ADDED ENTRY--TITLE
Title Books for young explorers
504 ## - BIBLIOGRAPHY, ETC. NOTE
Bibliography, etc. note Includes bibliographical references (p. [33]).
520 ## - SUMMARY, ETC.
Summary, etc. Introduces recordholders of the animal world, including the largest lizard and the fastest mammal.
650 #0 - SUBJECT ADDED ENTRY--TOPICAL TERM
Topical term or geographic name entry element Animals
General subdivision Juvenile literature.
650 #1 - SUBJECT ADDED ENTRY--TOPICAL TERM
Topical term or geographic name entry element Animals.
Holdings
Withdrawn status Lost status Damaged status Not for loan Home library Current library Shelving location Date acquired Total checkouts Full call number Barcode Date last seen Price effective from Koha item type
        Centerville Centerville General stacks 22/03/2026   591 20 BC0010387 22/03/2026 22/03/2026 Books